| 000 | 00572cam a22002051 4500 | ||
|---|---|---|---|
| 001 | sa 65007899 | ||
| 003 | DLC | ||
| 005 | 20260227112152.0 | ||
| 008 | 791210s1964 ii a 000 0 eng | ||
| 010 | _asa 65007899 | ||
| 035 | _a(OCoLC)5778688 | ||
| 040 |
_aDLC _cIU _dDLC |
||
| 042 | _apremarc | ||
| 050 | 0 | 0 |
_aAM5 _b.P7 |
| 100 | 1 |
_aPrakash, Satya, _d1914- |
|
| 245 | 1 | 0 | _aMuseums and society. |
| 260 |
_a[Baroda] _bDept. of Museology, Faculty of Fine Arts, Maharaja Sayajirao University of Baroda _c[1964]. |
||
| 300 |
_a59 p. _billus. _c18 cm. |
||
| 650 | 0 | _aMuseums. | |
| 999 |
_c65431 _d65431 |
||